Moral capitalism reconciling private interest with the public good /

Bibliographic Details
Main Author: Young, Stephen, 1945-
Corporate Author: ProQuest (Firm)
Format: Electronic eBook
Language:English
Published: San Francisco : Berrett-Koehler Publishers, c2003.
Edition:1st ed.
Subjects:
Online Access:Click to View
LEADER 01353nam a2200373 a 4500
001 EBC836667
003 MiAaPQ
005 20200520144314.0
006 m o d |
007 cr cn|||||||||
008 030606s2003 caua sb 001 0 eng d
010 |z  2003052077 
020 |z 1576752577 
020 |z 9781576752579 
020 |a 9781609941970 (electronic bk.) 
035 |a (MiAaPQ)EBC836667 
035 |a (Au-PeEL)EBL836667 
035 |a (CaPaEBR)ebr10527203 
035 |a (CaONFJC)MIL343542 
035 |a (OCoLC)772845507 
040 |a MiAaPQ  |c MiAaPQ  |d MiAaPQ 
050 4 |a HB501  |b .Y67 2003 
082 0 4 |a 174  |2 21 
100 1 |a Young, Stephen,  |d 1945- 
245 1 0 |a Moral capitalism  |h [electronic resource] :  |b reconciling private interest with the public good /  |c Stephen Young. 
250 |a 1st ed. 
260 |a San Francisco :  |b Berrett-Koehler Publishers,  |c c2003. 
300 |a ix, 226 p. :  |b ill. 
504 |a Includes bibliographical references and index. 
533 |a Electronic reproduction. Ann Arbor, MI : ProQuest, 2015. Available via World Wide Web. Access may be limited to ProQuest affiliated libraries. 
650 0 |a Capitalism  |x Moral and ethical aspects. 
655 4 |a Electronic books. 
710 2 |a ProQuest (Firm) 
856 4 0 |u https://ebookcentral.proquest.com/lib/matrademy/detail.action?docID=836667  |z Click to View